| 000 | 01020nam a2200313 i 4500 | ||
|---|---|---|---|
| 999 |
_c200429920 _d47846 |
||
| 001 | 200429920 | ||
| 003 | TR-AnTOB | ||
| 005 | 20230720000946.0 | ||
| 007 | ta | ||
| 008 | 180618s1962 xxu e 000 0 tur d | ||
| 040 |
_aTR-AnTOB _btur _erda _cTR-AnTOB _dTR-AnTOB |
||
| 041 | 0 | _atur | |
| 050 | 0 | 0 |
_aPL215 _b.K67 1962 |
| 090 |
_aRARE PL215 _b.K67 1962 |
||
| 100 | 1 |
_aKöprülü, Mehmet Fuat, _d1890-1966 _eauthor _9104311 |
|
| 245 | 1 | 0 |
_aTürk sazşairleri : _bIII. (XVIII. asır saz şairleri) / _cM. Fuad Köprülü. |
| 264 | 1 |
_aAnkara : _bMiili Kültür Yayınları, _c1962. |
|
| 300 |
_a131 sayfa ; _c20 sm. |
||
| 336 |
_atext _2rdacontent |
||
| 337 |
_aunmediated _2rdamedia |
||
| 338 |
_avolume _2rdacarrier |
||
| 590 | _aTuba Işınsu İsen Durmuş tarafından bağışlanmıştır. | ||
| 650 | 0 |
_aTurkish poetry _988558 |
|
| 650 | 0 |
_aPoets, Turkish _914969 |
|
| 650 | 7 |
_aŞairler, Türk _2etuturkob _9101951 |
|
| 650 | 7 |
_aTürk şiiri _2etuturkob _984273 |
|
| 942 |
_2lcc _cBK |
||